01446nam a22004217a 4500003000400000005001700004008004100021040002200062082001500084110003300099245004000132260005200172300001800224366000800242366000800250366000800258490002400266505001400290505011500304505001600419505002700435505002300462505001200485505003500497505002500532505002400557505001900581505001700600650004100617650005000658650004300708650004800751650004300799650004400842650004800886650004700934650004300981OSt20230413162745.0221006b |||||||| |||| 00| 0 eng d cBiblioteca Lado V a700bA849a aAssociation Athemeedirector aArtheme/bArt contemporain caraibe/ bConseil general de la Guadeloupec1999aFrancia c21x30cma41p. espa efre eeng v1999a03x1292 3745 tEditorial tMartiniqueaLe Marin OMC du Marin Habdaphai OMC du Marin Josiane Antourel IV Biennale Orientale dy Marin tBest-Seller tActualites caribeennes tMartinique [suite] tArtheme tActualites caribeennes [suite] tMusees des Ameriques tAteliers d'artistes tRetrsopectives tPerspectives 2Tesauro de Arte & ArquitecturaaARTE 2Tesauro de Arte & ArquitecturaaEXPOSICIONES  2Tesauro de Arte & ArquitecturaaBIENAL 2Tesauro de Arte & ArquitecturaaAPRECIACION 2Tesauro de Arte & ArquitecturaaTEORIA 2Tesauro de Arte & ArquitecturaaCRITICA 2Tesauro de Arte & ArquitecturaaFOTOGRAFIA  2Tesauro de Arte & ArquitecturaaLITERATURA 2Tesauro de Arte & ArquitecturaaCUBANO